Aj efektívnosť je kritériom kvality

Na zabezpečenie maximalizácie využitia konjunkturálneho efektu treba zabezpečiť politickú stabilitu, vytvoriť kvalitné makroekonomické prostredie a zavęšiť proces privatizácie. Vývoj svetovej produkcie. Opatrenia v rámci rozvojovej stratégie vlády SR. Limitujúce faktory.

Na minha lista:
Detalhes bibliográficos
Autor principal: Košč, M.
Formato: Capítulo de Livro
Idioma:eslovaco
Assuntos:
Tags: Adicionar Tag
Sem tags, seja o primeiro a adicionar uma tag!

MARC

LEADER 00000naa a2200000 4500
001 r016674
005 20221213095556.3
041 0 |a slo 
044 |a SK 
245 1 0 |a Aj efektívnosť je kritériom kvality  |c M. Košč 
520 |a Na zabezpečenie maximalizácie využitia konjunkturálneho efektu treba zabezpečiť politickú stabilitu, vytvoriť kvalitné makroekonomické prostredie a zavęšiť proces privatizácie. Vývoj svetovej produkcie. Opatrenia v rámci rozvojovej stratégie vlády SR. Limitujúce faktory. 
610 2 0 |a efektívnosť ekonomická 
610 2 0 |a Slovensko 
610 2 0 |a 1989 
610 2 0 |a 1995 
610 2 0 |a stratégia hospodárska 
610 2 0 |a konjunktúra hospodárska 
100 1 |a Košč, M.